| 000 | 00622nam a2200193 a 4500 | ||
|---|---|---|---|
| 003 | PILC | ||
| 005 | 20150112093439.0 | ||
| 008 | 100727s19uu xx 00 eng d | ||
| 020 | _a9789719376613 | ||
| 050 |
_aHD 31 _b.G323 2007 |
||
| 082 |
_aMnSFf 658 _bF82 2007 |
||
| 100 |
_aZorilla, Orlando S. _917353 |
||
| 245 |
_aThe 4 gems of management : _bBasic principles of management / |
||
| 260 |
_aPasig City, Philippines : _bPhilcoman Foundations, Inc. & Mattisons Publishing House, Inc, _c2007. |
||
| 300 |
_a227 pages : _c25 cm. |
||
| 650 |
_aManagement _9446 |
||
| 700 |
_aMatias, Nicanor A. _917354 |
||
| 942 |
_2lcc _cBK |
||
| 999 |
_c14673 _d14673 |
||